| 000 | 01231cam a2200289 i 4500 | ||
|---|---|---|---|
| 999 |
_c57444 _d57444 |
||
| 001 | 20649844 | ||
| 005 | 20221107171556.0 | ||
| 008 | 180824u2018 ne b 011 0 eng c | ||
| 010 | _a 2018008150 | ||
| 020 | _a9789027200686 X | ||
| 020 |
_z9789027264114 X _q(e-book) |
||
| 041 | _aeng | ||
| 080 | _a1(09) V-41 | ||
| 082 | 0 | 0 |
_a190 _223 |
| 245 | 0 | 0 |
_aVeritas et subtilitas : _btruth and subtlety in the history of philosophy : essays in memory of Burkhard Mojsisch (1944-2015) / _cedited by Tengiz Iremadze, Udo Reinhold Jeck. |
| 264 | 1 |
_aAmsterdam ; _aPhiladelphia : _bJohn Benjamins Publishing Company, _c[2018] |
|
| 300 |
_aix, 482 pages ; _c25 cm. |
||
| 546 | _aIn English, French, and German. | ||
| 650 | 0 |
_aPhilosophy _xHistory. _98654 |
|
| 653 | _aფილოსოფია | ||
| 653 | _aფილოსოფიის ისტორია | ||
| 700 | 1 |
_aMojsisch, Burkhard, _ehonouree. _98655 |
|
| 700 | 1 |
_aIremadze, Tengiz, _eრედაქტორი _96933 |
|
| 700 | 1 |
_aJeck, Udo Reinhold, _eრედაქტორი _98656 |
|
| 776 | 0 | 8 |
_iOnline version: _tVeritas et subtilitas _dAmsterdam ; Philadelphia : John Benjamins Publishing Company, [2018] _z9789027264114 _w(DLC) 2018042115 |
| 942 |
_2udc _cBK |
||